Disney Animated Movies - Within 5 Years - Statistics

General Stats
  • This quiz has been taken 179 times
  • The average score is 13 of 24
Answer Stats
Hint Answer % Correct
The Lion King 1994
96%
Frozen 2013
88%
Aladdin 1992
78%
Snow White and the Seven Dwarfs 1937
75%
Zootopia 2016
69%
Encanto 2021
66%
Lilo & Stitch 2002
64%
Beauty and the Beast 1991
63%
Tangled 2010
60%
Mulan 1998
59%
Cinderella 1950
54%
The Little Mermaid 1989
50%
Chicken Little 2005
50%
The Jungle Book 1967
42%
Pocahontas 1995
41%
Peter Pan 1953
40%
Brother Bear 2003
40%
Pinocchio 1940
39%
Dumbo 1941
36%
Sleeping Beauty 1959
31%
Bambi 1942
30%
The Aristocats 1970
30%
The Rescuers 1977
28%
The Fox and the Hound 1981
24%
No matching quizzes found
Score Distribution
Percent of People with Each Score
Percentile by Number Answered
Your Score History
You have not taken this quiz